Polski len (Record no. 1326)

MARC details
000 -CABECERA
campo de control de longitud fija 00927nam a2200193 a 4500
001 - NÚMERO DE CONTROL
campo de control BRCA_1464
005 - FECHA Y HORA DE LA ÚLTIMA TRANSACCIÓN
campo de control 20190320203435.0
008 - DATOS DE LONGITUD FIJA--INFORMACIÓN GENERAL
campo de control de longitud fija 141105s1996----mx-a---###---#000-0#spa-d
050 #4 - SIGNATURA TOPOGRÁFICA DE LA BIBLIOTECA DEL CONGRESO
Número de clasificación SB253
Número de documento/Ítem .P65 1996
245 10 - MENCIÓN DE TÍTULO
Título Polski len
Resto del título el lino de Polonia : tradición, arte, producción
Mención de responsabilidad, etc. traducción Madeleine Navarro Mena y Marcin Malkowski.
260 ## - PUBLICACIÓN, DISTRIBUCIÓN, ETC.
Lugar de publicación, distribución, etc. Polonia
Nombre del editor, distribuidor, etc. Instituto de Diseño Industrial : Embajada de la República de Polonia en México
Fecha de publicación, distribución, etc. 1996
300 ## - DESCRIPCIÓN FÍSICA
Extensión 1 v. (sin paginación)
Otras características físicas il. (algunas a color)
Dimensiones 22 cm.
500 ## - NOTA GENERAL
Nota general Catálogo de la exposición realizada en el Museo Franz Mayer (Ciudad de México), 28 marzo - 26 mayo y en el Museo Amparo (Puebla, México), 1 - 30 julio, 1996
650 14 - PUNTO DE ACCESO ADICIONAL DE MATERIA--TÉRMINO DE MATERIA
Término de materia o nombre geográfico como elemento de entrada Lino
Subdivisión de forma Exposiciones
Subdivisión general Industria
Subdivisión geográfica Polonia
9 (RLIN) 4791
650 14 - PUNTO DE ACCESO ADICIONAL DE MATERIA--TÉRMINO DE MATERIA
Término de materia o nombre geográfico como elemento de entrada Fibras textiles
Subdivisión de forma Exposiciones
Subdivisión general Industria
Subdivisión geográfica Polonia
9 (RLIN) 4792
700 1# - PUNTO DE ACCESO ADICIONAL--NOMBRE DE PERSONA
Nombre de persona Navarro Mena, Medeleine
9 (RLIN) 4793
700 1# - PUNTO DE ACCESO ADICIONAL--NOMBRE DE PERSONA
Nombre de persona Malkowski, Marcin
9 (RLIN) 4794
942 ## - ELEMENTOS DE PUNTO DE ACCESO ADICIONAL (KOHA)
Fuente del sistema de clasificación o colocación Library of Congress Classification
Tipo de ítem Koha Libros
Holdings
Estado de retiro Estado de pérdida Estado dañado No para préstamo Localización permanente Ubicación/localización actual Fecha de adquisición Total de préstamos Signatura topográfica completa Código de barras Fecha visto por última vez Precio válido a partir de Tipo de ítem Koha
El ejemplar forma parte de la colección y puede ser consultado según las políticas vigentes.       Biblioteca del Museo Franz Mayer (Rogerio Casas-Alatriste) Biblioteca del Museo Franz Mayer (Rogerio Casas-Alatriste) 26/06/2008   SB253 .P65 1996 01996 22/03/2019 22/03/2019 Libros